| 000 | 00494nam a2200169 i 4500 | ||
|---|---|---|---|
| 001 | 96894 | ||
| 003 | ES-MaACL | ||
| 005 | 20230906182009.0 | ||
| 007 | t| | ||
| 008 | 050704s1978 sp ||||1| spa d | ||
| 100 | 1 |
_aManoliu, María. _976082 |
|
| 245 | 1 | 3 |
_aEl estructuralismo lingüistico / _cMaría Manoliu; traducción de Mónica Nedelcu. |
| 260 |
_aMadrid : _bCátedra, _c1978. |
||
| 300 |
_a267 p. ; _c21 cm. |
||
| 700 | 1 |
_aNedelcu, Mónica. _985272 |
|
| 852 |
_aES-MaACL _jA-8445 _bR.97477 |
||
| 999 |
_c96894 _d96894 |
||